History Quiz

Random History Quiz
Score 0/67 Timer 08:00
0 Plays Today
Year Country joining allies % Correct
April 1917USA
96.1%
December 1941USA
96.1%
August 1914UK
95.1%
September 1939UK
95.1%
July 1914France
94.1%
September 1939France
94.1%
July 1914Russia
91.2%
June 1941USSR
88.2%
July 1915Italy
82.4%
September 1943Italy
82.4%
August 1917China
81.4%
December 1941China
81.4%
August 1914Belgium
80.4%
May 1940Belgium
80.4%
September 1939Poland
79.4%
August 1914Japan
76.5%
May 1940Netherlands
76.5%
June 1917Greece
74.5%
October 1940Greece
74.5%
October 1917Brazil
73.5%
August 1942Brazil
73.5%
April 1940Norway
72.5%
April 1940Denmark
70.6%
May 1942Mexico
70.6%
July 1914Serbia
68.6%
March 1916Portugal
68.6%
August 1916Romania
68.6%
August 1944Romania
68.6%
February 1945Turkey
64.7%
September 1944Bulgaria
63.7%
January 1945Hungary
62.7%
March 1945Finland
62.7%
March 1945Argentina
62.7%
April 1941Yugoslavia
58.8%
Year Country joining allies % Correct
May 1940Luxembourg
56.9%
August 1914Luxembourg
56.9%
March 1945Saudi Arabia
54.9%
December 1939Czechoslovakia
53.9%
April 1945Chile
53.9%
February 1942 Peru
48%
1918Albania
45.1%
February 1945Paraguay
43.1%
August 1914Montenegro
42.2%
December 1941Panama
42.2%
December 1941Cuba
41.2%
April 1943Bolivia
41.2%
February 1945Venezuela
40.2%
December 1941Costa Rica
39.2%
July 1943Colombia
39.2%
December 1941Guatemala
38.2%
December 1942Ethiopia
38.2%
February 1945 Ecuador
38.2%
December 1941Korea
37.3%
June 1941Mongolia
36.3%
December 1941Philippines
34.3%
December 1941Nicaragua
34.3%
December 1941El Salvador
32.4%
December 1941Vietnam
32.4%
December 1941Haiti
30.4%
December 1941Honduras
30.4%
July 1917Siam
29.4%
December 1941Dominican Republic
25.5%
January 1944Liberia
19.6%
1917Hejaz
18.6%
1918Armenia
15.7%
1915Emirate of Nejd
13.7%
1915Emirate of Asir
9.8%
Remove Ads.
Support Sporcle.
Get the best of Sporcle when you Go Orange. This ad-free experience offers more features, more stats, and more fun while also helping to support Sporcle. Thank you for becoming a member.

You're not logged in!

Compare scores with friends on all Sporcle quizzes.
OR
Log In

Show Comments

Extras

Top Quizzes Today


Score Distribution

Your Account Isn't Verified!

In order to create a playlist on Sporcle, you need to verify the email address you used during registration. Go to your Sporcle Settings to finish the process.

Report this User

Report this user for behavior that violates our Community Guidelines.

Details: